Agronomie. (Record no. 16959)

000 -LEADER
fixed length control field 00784cas a2200265 a 4500
022 0# - INTERNATIONAL STANDARD SERIAL NUMBER
ISSN 0249-5627
040 ## - CATALOGING SOURCE
Transcribing agency DLC
082 #4 - DEWEY DECIMAL CLASSIFICATION NUMBER
Classification number 631 INS 2004 A109 Or.
245 00 - TITLE STATEMENT
Title Agronomie.
260 ## - PUBLICATION, DISTRIBUTION, ETC. (IMPRINT)
Place of publication Paris :
Name of publisher Institut national de la recherche agronomique,
Year of publication [1981?-2004]
300 ## - PHYSICAL DESCRIPTION
Number of Pages v. :
Other physical details ill. ;
Dimensions 30 cm.
500 ## - GENERAL NOTE
General note "Sciences des productions végétales et de l'environnement."
650 #0 - SUBJECT ADDED ENTRY--TOPICAL TERM
Topical Term Plants, Cultivated
650 #0 - SUBJECT ADDED ENTRY--TOPICAL TERM
Topical Term Agriculture
650 #0 - SUBJECT ADDED ENTRY--TOPICAL TERM
Topical Term Plant breeding
650 #0 - SUBJECT ADDED ENTRY--TOPICAL TERM
Topical Term Agricultural ecology
650 #6 - SUBJECT ADDED ENTRY--TOPICAL TERM
Topical Term Cultures et sols
650 #6 - SUBJECT ADDED ENTRY--TOPICAL TERM
Topical Term Agriculture
650 #7 - SUBJECT ADDED ENTRY--TOPICAL TERM
Topical Term Agricultural ecology.
650 #7 - SUBJECT ADDED ENTRY--TOPICAL TERM
Topical Term Agriculture.
650 #7 - SUBJECT ADDED ENTRY--TOPICAL TERM
Topical Term Plant breeding.
650 #7 - SUBJECT ADDED ENTRY--TOPICAL TERM
Topical Term Plants, Cultivated.
710 2# - ADDED ENTRY--CORPORATE NAME
Corporate name or jurisdiction name as entry element Institut national de la recherche agronomique (France)
942 ## - ADDED ENTRY ELEMENTS (KOHA)
Koha item type សៀវភៅភាសាបារាំង
952 ## - LOCATION AND ITEM INFORMATION (KOHA)
Withdrawn status [LOCAL, KOHA] 0
Holdings
Permanent Location Date acquired Koha item type Lost status Shelving location Barcode Current Location Full call number
Library Block A2018-07-09សៀវភៅភាសាបារាំង A109A20654Library Block A631 INS 2004 A109 Or.
មជ្ឈមណ្ឌលឯការនៃសាកលវិទ្យាល័យភូមិន្ទកសិកម្មចំការដូង

Powered by Koha